000 00241nam a2200097Ia 4500
001 640858
005 20250826153455.0
008 250824s9999 xx 000 0 und d
245 0 _aMACERA ADASI
_cAHMET YILMAZ BOYUNAĞA
260 _bGENÇ TİMAŞ
999 _c640858
_d640858